000 00544nam a22001937a 4500
003 KOHA_MİRAKIL
005 20251006110523.0
008 251006b tu ||||| |||| 00| 0 tur d
020 _a9786057635587
040 _aTR-AnABB
_btur
_cTR-AnABB
041 _atur
082 _a956.1015
_bINA 2020
100 1 _aİnalcık, Halil,
245 1 0 _aOsmanlı hakimiyetinde Ortadoğu ve Balkanlar /
_cHalil İnalcık
260 _aİstanbul :
_bKronik Kitap,
_c2020
300 _a460 sayfa ;
_c20 cm
650 0 4 _aTarih,
942 _2ddc
_cBK
999 _c9103
_d9103
900 _bGizem YORULMAZ